Rozhodování úvod do teorie rozhodování při nejistotě
Salvato in:
| Autore principale: | |
|---|---|
| Natura: | Libro |
| Lingua: | ceco |
| Pubblicazione: |
Praha
Institut řízení
1978
|
| Tags: |
Nessun Tag, puoi essere il primo ad aggiungerne!!
|
MARC
| LEADER | 00000nam a2200000 4500 | ||
|---|---|---|---|
| 001 | c111576 | ||
| 005 | 20221207070602.5 | ||
| 041 | 0 | |a cze | |
| 044 | |a CZ | ||
| 245 | 1 | 0 | |a Rozhodování |b úvod do teorie rozhodování při nejistotě |c Howard Raiffa |
| 264 | 1 | |a Praha |b Institut řízení |c 1978 | |
| 300 | |a 274 s. | ||
| 100 | 1 | |a Raiffa, Howard | |